00818cam a2200217Mc 450000500170000000800410001702000180005802000150007604000630009104100080015406000130016224500880017526000610026330000230032449000340034750400530038165000410043465000520047565000450052770000280057220180313054547.0140922s1995 enk fr 001 0 eng d a9780521450126 a0521450128 aCO-BoUCMbspacSandra Palacio (modificó)dJose A. Gerena0 aeng aWA 11.1 00aInternational health organisations and movements ceditor Paul Weindlingb1918-19393 aCambridge (Inglaterra)bCambridge University pressc1995 axvi, 337 páginas0 aCambridge history of medicine aIncluye referencias bibliográficas e índices 7aSalud pública xHistoriaySiglo XX 7aOrganismos internacionales xHistoriaySiglo XX 7aPolítica médica xHistoriaySiglo XX1 aWeindling, Pauleeditor